000 00507nam a2200169Ia 4500
008 110201s9999 xx 000 0 und d
082 _bB1239
_aK 1059
100 _aपाध्ये भाऊ
245 _aजेलबर्डस्
260 _bडिंपल पब्लिकेशन
365 _b28
600 _aपाध्ये भाऊ
630 _aजेलबर्डस्
700 _aपाध्ये भाऊ
730 _aजेलबर्डस्
942 _cBOOK
999 _c828538
_d828535